Combustion engine processes (Record no. 20638)

000 -LEADER
fixed length control field 00567nam a22002051 4500
001 - CONTROL NUMBER
control field 20638
003 - CONTROL NUMBER IDENTIFIER
control field BD-DhUET
008 - FIXED-LENGTH DATA ELEMENTS--GENERAL INFORMATION
fixed length control field 780509s1967 nyua b 001 0 eng
040 ## - CATALOGING SOURCE
Original cataloging agency DLC
Transcribing agency LDC
Modifying agency BD-DhUET
082 00 - DEWEY DECIMAL CLASSIFICATION NUMBER
Classification number 621.43
Item number LIC/1967
100 ## - MAIN ENTRY--PERSONAL NAME
Personal name Lichty, Lester C.
245 10 - TITLE STATEMENT
Title Combustion engine processes
250 ## - EDITION STATEMENT
Edition statement 1st ed.
260 ## - PUBLICATION, DISTRIBUTION, ETC. (IMPRINT)
Place of publication, distribution, etc. New York
Name of publisher, distributor, etc. McGraw-Hill
Date of publication, distribution, etc. 1967
300 ## - PHYSICAL DESCRIPTION
Extent ix, 654p.
Other physical details illus
Dimensions 23 cm.
490 0# - SERIES STATEMENT
Series statement McGraw-Hill series in mechanical engineering
504 ## - BIBLIOGRAPHY, ETC. NOTE
Bibliography, etc Includes bibliographies
650 #0 - SUBJECT ADDED ENTRY--TOPICAL TERM
Topical term or geographic name as entry element Internal combustion engines
942 ## - ADDED ENTRY ELEMENTS (KOHA)
Koha item type General Book
Holdings
Withdrawn status Source of classification or shelving scheme Price effective from Damaged status Koha item type Not for loan Piece designation (barcode) Koha full call number Lost status Koha normalized classification for sorting Shelving location Koha date last seen Sublocation or collection (holding branch) Date acquired Copy number Location (home branch)
  2015-04-12 General Book 15520621.43/LIC/1967 621_430000000000000_LIC_1967Circulation section2017-04-26Central Library, BUET2015-04-121Central Library, BUET
  2015-04-13 General Book 15521621.43/LIC/1967 621_430000000000000_LIC_1967Circulation section2015-04-13Central Library, BUET2015-04-132Central Library, BUET
  2015-04-13 General Book 43564621.43/LIC/1967 621_430000000000000_LIC_1967Circulation section2015-04-13Central Library, BUET2015-04-133Central Library, BUET
  2015-04-13 General Book 25971621.43/LIC/1967 621_430000000000000_LIC_1967Circulation section2015-04-13Central Library, BUET2015-04-134Central Library, BUET
  2015-04-13 General Book 24519621.43/LIC/1967 621_430000000000000_LIC_1967Circulation section2015-04-13Central Library, BUET2015-04-135Central Library, BUET
  2015-04-13 General Book 20396621.43/LIC/1967 621_430000000000000_LIC_1967Circulation section2015-04-13Central Library, BUET2015-04-136Central Library, BUET